New Countryside Code (Record no. 117681)

MARC details
000 -LEADER
fixed length control field 01110cam a2200205 4500
001 - CONTROL NUMBER
control field WB@3612-823
008 - FIXED-LENGTH DATA ELEMENTS--GENERAL INFORMATION
fixed length control field 040713n2004 000 0 eng u
035 ## - SYSTEM CONTROL NUMBER
System control number (Sirsi) u126755
245 ## - TITLE STATEMENT
Title New Countryside Code
260 ## - PUBLICATION, DISTRIBUTION, ETC.
Date of publication, distribution, etc. 2004
490 ## - SERIES STATEMENT
Series statement Countryside Agency Press Release
Volume/sequential designation 12 July 2004 (3)
520 ## - SUMMARY, ETC.
Summary, etc. A new Countryside Code to update the original 1950s' country code and to introduce the public's new 'open' access rights, has been launched by the Countryside Agency. In an effort to encourage more people to get out and enjoy the countryside, the message is being advertised with the help of some new characters from popular animation company Aardman (creators of Creature Comforts and Wallace and Gromit). A new website has also been launched in conjunction with the new act: http://www.countrysideaccess.gov.uk. http://www.countryside.gov.uk/WhoWeAreAndWhatWeDo/ pressCentre/ccode.asp
590 ## - LOCAL NOTE (RLIN)
Local note WB
590 ## - LOCAL NOTE (RLIN)
Local note WB
650 ## - SUBJECT ADDED ENTRY--TOPICAL TERM
Topical term or geographic name entry element COUNTRYSIDE CODE
650 ## - SUBJECT ADDED ENTRY--TOPICAL TERM
Topical term or geographic name entry element COUNTRYSIDE AND RIGHTS OF WAY ACT 2000
650 ## - SUBJECT ADDED ENTRY--TOPICAL TERM
Topical term or geographic name entry element RIGHTS OF WAY
690 ## - LOCAL SUBJECT ADDED ENTRY--TOPICAL TERM (OCLC, RLIN)
Topical term or geographic name as entry element RURAL-NATURE CONSERVATION
942 ## - ADDED ENTRY ELEMENTS (KOHA)
Suppress in OPAC 0
Holdings
Withdrawn status Lost status Source of classification or shelving scheme Damaged status Not for loan Home library Current library Shelving location Date acquired Total Checkouts Full call number Barcode Date last seen Copy number Price effective from Koha item type
    Dewey Decimal Classification     London London News article 13/07/2004   WB4027-18 126755-1001 06/08/2019 1 06/08/2019 News article